Relación documentada de la espulsión de un sacristán de la Iglesia Metropolitana de Santiago de Chile, i del recurso de fuerza entablado por el Arcediano i Doctoral de la misma

Bewaard in:
Bibliografische gegevens
Coauteur: Cabildo Eclesiástico de Santiago (Auteur)
Formaat: Boek
Taal:Spaans
Gepubliceerd in: Santiago Imprenta de La Sociedad 1857
Editie:1a. ed
Onderwerpen:
Tags: Voeg label toe
Geen labels, Wees de eerste die dit record labelt!

MARC

LEADER 00000nam a2200000 a 4500
001 UCJ5188
003 CL-VaPUC
008 070124e18570400CL |||||||||||||||||spa|d
082 0 4 |a 983  |b CAB  |2 21 
110 2 |a Cabildo Eclesiástico de Santiago  |e author  |9 510050 
245 1 0 |a Relación documentada de la espulsión de un sacristán de la Iglesia Metropolitana de Santiago de Chile, i del recurso de fuerza entablado por el Arcediano i Doctoral de la misma 
250 |a 1a. ed 
300 |a 286 p 
942 |c BK 
945 |d 20070124 00:00:00  |a rinostro 
260 |a Santiago  |b Imprenta de La Sociedad  |c 1857 
500 |a En la primera p., breve alusión a la opulencia del Valparaíso de mediados del siglo 19 
600 0 7 |a SANTELICES, PEDRO  |2 CL-VaPUC  |9 510051 
600 0 7 |a MARTINEZ GARFIAS, FRANCISCO  |2 CL-VaPUC  |9 510052 
600 0 7 |a MENESES, JUAN FRANCISCO  |2 CL-VaPUC  |9 509166 
600 0 7 |a SOLIS OVANDO, PASCUAL  |2 CL-VaPUC  |9 510053 
600 0 7 |a BALMACEDA, LEON  |2 CL-VaPUC  |9 510054 
600 0 7 |a VIAL, MANUEL CAMILO  |2 CL-VaPUC  |9 315179 
650 0 |a Iglesia y Estado  |9 254995 
650 7 |a REGALISMO  |2 CL-VaPUC  |9 399462 
650 7 |a HISTORIA ECLESIASTICA  |2 CL-VaPUC  |9 510055 
650 7 |a DERECHO CANONICO  |2 CL-VaPUC  |9 510056 
650 7 |a DOCUMENTOS  |2 CL-VaPUC  |9 366450 
650 7 |a FUENTES  |2 CL-VaPUC  |9 255666 
650 0 |a Historia de Chile  |9 265473 
651 0 |a Santiago  |9 265444 
651 0 |a Valparaíso, Chile  |9 261144 
583 |a last modification  |c 20070124 00:00:00  |k Rodrigo Vera 
999 |c 321301  |d 321299 
952 |0 0  |1 0  |4 0  |6 983_000000000000000_CAB_1857  |7 0  |8 X  |9 400009  |a FDOBUD  |b FDOBUD  |d 2019-11-22  |i 1031074  |o 983 CAB 1857  |p 1031074  |r 2019-11-22  |w 2019-11-22  |y BK_X  |k BUD